ბათუმის შოთა რუსთაველის სახელმწიფო უნივერსიტეტის ბიბლიოთეკა

ეზრა პაუნდის XLV კანტო = Contra Contra Naturam : (ბიბ.ჩანაწერი № 58194)

000 -ლიდერი
ფიქსირებული სიგრძის საკონტროლო ველი 01749nam a22002417a 4500
003 - საკონტროლო ნომრის იდენტიფიკატორი
საკონტროლო ველი Ge_BSU
005 - ბოლო ოპერაციის თარიღი და დრო
საკონტროლო ველი 20211110151256.0
008 - ფიქსირებული სიგრძის მონაცემთა ელემენტები - ზოგადი ინფორმაცია
ფიქსირებული სიგრძის საკონტროლო ველი 210910s2021 ge ||||| |||| 00| 0 geo d
020 ## - წიგნის საერთაშორისო სტანდარტული ნომერი
International Standard Book Number 9789941269264
041 ## - ენის კოდი
Language code of text/sound track or separate title geo
080 ## - უნივერსალური ათობითი კლასიფიკაციის ინდექსი
Universal Decimal Classification number 821.111.03=353.1 პ-22
100 ## - მთავარი ჩანაწერი - პიროვნების სახელი
Personal name პაუნდი, ეზრა
9 (RLIN) 12438
245 ## - ცნობა სათაურის შესახებ
Title ეზრა პაუნდის XLV კანტო = Contra Contra Naturam :
Statement of responsibility, etc წინათქმა დათო ბარბაქაძე; გამომცემლები ირაკლი ყოლბაია და დათო ბარბაქაძე.
264 ## - წარმოების, გამოცემის, დისტრიბუციის და სხვა ცნობები
გამოცემის, წარმოების, დისტრიბუციის... ადგილი თბილისი :
გამოცემის, წარმოების, დისტრიბუციის... სახელწოდება უნივერსალი,
გამოცემის, წარმოების, დისტრიბუციის... თარიღი 2021.
300 ## - ფიზიკური აღწერა
Extent 82 გვ. ;
Other physical details 20 სმ.
500 ## - ზოგადი შენიშვნა
General note ყდაზე: ეზრა პაუნდი ვენეციაში, 1969.
501 ## - შენიშვნა თანმხლებ მასალაზე
With note წიგნში აგრეთვე: ამერიკელი პოეტისა და მთარგმნელის ამიელ ალკალაის წერილი "ეზრა პაუნდის XLV კანტო".
გამოცემა ფინანსურად უზრუნველყოფილია ვახუშტი კოტეტიშვილის სახ. პრემიას თანდართული თანხის ნაწილით.
653 ## - INDEX TERM--UNCONTROLLED
Uncontrolled term ამერიკული პოეზია
700 ## - ADDED ENTRY--PERSONAL NAME
Personal name ცქიტიშვილი, ანი
Relator term მთარგმნელი
9 (RLIN) 12439
700 ## - ADDED ENTRY--PERSONAL NAME
Personal name ნიაზაშვილი, მარი,
Relator term მთარგმნელი
9 (RLIN) 12440
700 ## - ADDED ENTRY--PERSONAL NAME
Personal name ინდიგოთი, სკა და სხვ.
Relator term მთარგმნელი
9 (RLIN) 12441
942 ## - ADDED ENTRY ELEMENTS (KOHA)
Source of classification or shelving scheme
Koha item type წიგნი
ეგზემპლარები
ჩამოწერის სტატუსი დაკარგული ეგზემპლარის სტატუსი კლასიფიკაციის წყარო ან თაროზე გაწყობის სქემა დაზიანების სტატუსი არ გაიცემა მუდმივი მდებარეობა (დაცვის ადგილი) ამჟამინდელი ადგილსამყოფელი თაროზე განთავსების ადგილი შეძენის თარიღი ღირებულება, შესყიდვის ნორმალური ფასი სრული შენახვის შიფრი შტრიხკოდი ბოლო ოპერაციის თარიღი ეგზემპლარის მიმდევრობითი ნომერი (კეტერი?) ფასის ძალაში შესვლის თარიღი ეგზემპლარის სახეობა საჯარო შენიშვნა
          ბათუმის შოთა რუსთაველის სახელმწიფო უნივერსიტეტის მთავარი ბიბლიოთეკა ბათუმის შოთა რუსთაველის სახელმწიფო უნივერსიტეტის მთავარი ბიბლიოთეკა წიგნსაცავი 2021-09-10 4.00 821.111.03=353.1 პ-22 61530 2021-09-10 61530 2021-09-10 წიგნი 4 ლ.